000 00244nmm a2200085Ia 4500
008 220120s9999||||xx |||||||||||||||||und||
100 _aKuo, Sen M and Gan, Woon-Seng S
_97656
245 0 _aDigital signal processors
260 _aSpringar publications
999 _c139656
_d139656